003390000a22001090004500090001700000245006900017041001300086100002500099942001300124773007500137999001700212 aASbSeriadas10aSocial changes within a group of wild black-capped capuchins, IV0 aInglés1 aIzawa, Kosei9100240 cARTICULO1 tField Studies of Fauna and Flora La Macarena, Colombiaq15-21d1994g9 c15995d15995